Music Quiz

Random Music or Song Quiz

Song by Opening Lyrics (1980s) Quiz Stats

 Plays Quiz Updated Jun 4, 2015

Score 0/30 Timer 20:00
3 Plays Today
Opening Lyrics Song % Correct
Harry Truman, Doris Day, Red China, Johnnie Ray.We Didn't Start the Fire
80%
Turn around. Every now and then I get a little bit lonely and you're never comin' 'round.Total Eclipse of the Heart
77.3%
Celebrate good times, come on! Let's celebrate. Celebrate good times, come on! Let's celebrate.Celebration
76.5%
We can dance if we want to. We can leave your friends behind. 'Cause your friends don't dance, and if they don't dance, well, they're no friends of mine.The Safety Dance
76.2%
When I wake up, well I know I'm gonna be, I'm gonna be the man who wakes up next to you. When I go out, well I know I'm gonna be, I'm gonna be the man who goes along with you.I'm Gonna Be (500 Miles)
75.5%
I come home in the morning light. My mother says, 'When you gonna live your life right?' Oh mother dear, we're not the fortunate ones.Girls Just Want to Have Fun
73.1%
She's got a smile that it seems to me reminds me of childhood memories where everything was as fresh as the bright blue sky.Sweet Child O' Mine
68.5%
She's a good girl. Loves her mama. Loves Jesus, and America too. She's a good girl. She's crazy about Elvis. Loves horses, and her boyfriend too.Free Fallin'
66.2%
Well you're the real tough cookie with the long history of breaking little hearts like the one in me. That's okay, let's see how you do it. Put up your dukes; let's get down to it.Hit Me With Your Best Shot
63.3%
You put the boom-boom into my heart. You send my soul sky high when your lovin' starts. Jitterbug into my brain goes a bang, bang, bang 'til my feet do the same.Wake Me Up Before You Go-Go
60%
She's a very kinky girl, the kind you don't take home to mother. She will never let your spirits down once you get her off the street.Super Freak
59.2%
I made it through the wilderness. Somehow I made it through. Didn't know how lost I was until I found you.Like a Virgin
55.7%
You wake up late for school. Man, you don't wanna go. You ask your mom, 'Please?' but she still says no.(You Gotta) Fight for Your Right (to Party!)
48.8%
I get up and nothing gets me down. You got it tough, I've seen the toughest around.Jump
46.1%
You and I, in a little toy shop, buy a bag of balloons with the money we've got. Set them free at the break of dawn, 'til one by one, they were gone.99 Red Balloons
45.3%
Opening Lyrics Song % Correct
That's great. It starts with an earthquake, birds and snakes, an airplane. Lenny Bruce is not afraid.It's the End of the World As We Know It (And I feel Fine)
43.7%
Father wears his Sunday best. Mother's tired. She needs a rest. The kids are playing up downstairs. Sister's sighing in her sleep. Brother's got a date to keep.Our House
42.6%
Let's go. Steve walks warily down the street with the brim pulled way down low. Ain't no sound but the sound of his feet. Machine guns ready to go.Another One Bites the Dust
40%
We're no strangers to love. You know the rules, and so do I.Never Gonna Give You Up
39.7%
It's all the same. Only the names will change. Every day it seems we're wasting away.Wanted Dead or Alive
39.1%
I gotta take a little time, a little time to think things over. I better read between the lines in case I need it when I'm older.I Want to Know What Love Is
37.3%
I get up in the evening and I ain't got nothing to say. I come home in the morning, I go to bed feeling the same way.Dancing in the Dark
35.7%
Now on the day I was born, the nurses all gathered 'round and they gazed in wide wonder at the joy they had found.Bad to the Bone
34.7%
Moving forward, using all my breath. Making love to you was never second best.I Melt With You
33.4%
I don't know where I'm going, but I sure know where I've been. Hanging on the promises in songs of yesterday.Here I Go Again
32.8%
Watching every motion in my foolish lover's game. On this endless ocean, finally lovers know no shame.Take My Breath Away
31%
Dark in the city, night is a wire. Steam in the subway. Earth is a fire. Do do doo do, do doo do, do doo do, do doo do, doo doo.Hungry Like the Wolf
30.2%
Hey, pretty baby with the high heels on. You give me fever like I've never ever known. You're just a product of loveliness. I like the groove of your walk, your talk, your dress.The Way You Make Me Feel
28.8%
Josie's on a vacation far away. Come around and talk it over. So many things that I wanna say. You know I like my girls a little bit older.Your Love
28.3%
We're talking away. I don't know what I'm to say. I'll say it anyway. Today's another day to find you shying away.Take On Me
26.3%

You're not logged in!

Compare scores with friends on all Sporcle quizzes.
OR
Log In

Sporcle TV

Today on Sporcle TV


Watch our educational content, quiz creation guides, and fun videos on Sporcle TV.

Show Comments

Extras

Top Quizzes Today


Score Distribution

Your Account Isn't Verified!

In order to create a playlist on Sporcle, you need to verify the email address you used during registration. Go to your Sporcle Settings to finish the process.

Report this User

Report this user for behavior that violates our Community Guidelines.

Details: